Les catcheurs/euses européen/nes de la WWE - Statistiques

Statistiques générales
  • Ce quiz a été pris 169 fois
    4 depuis la dernière actualisation
  • Le résultat moyen est 10 sur 26
Statistiques - réponses
Catcheur/euse Pays % Correct
Becky Lynch Irlande
100%
Drew McIntyre Ecosse
100%
Finn Balor Irlande
100%
Gunther Autriche
100%
Aleister Black Pays-Bas
50%
Axiom Espagne
50%
Elio LeFleur France
50%
Lyra Valkyria Irlande
50%
Ilja Dragunov Russie
50%
JD McDonagh Irlande
50%
Ludwig Kaiser Allemagne
50%
Nathan Frazer Angleterre
50%
Nikki Cross Ecosse
50%
Rusev Bulgarie
50%
Sheamus Irlande
50%
Alba Fyre Ecosse
0%
Charlie Dempsey Angleterre
0%
Dorian Van Dux Belgique
0%
Giulia Angleterre ( lieu de naissance )
0%
Joe Hendry Ecosse
0%
Karmen Petrovic Bosnie-Herzégovine
0%
Leon Slater Angleterre ( partenariat TNA )
0%
Noam Dar Ecosse
0%
Pete Dunne Angleterre
0%
Piper Niven Ecosse
0%
Tyler Bate Angleterre
0%
Aucun quiz correspondant
Distribution des résultats
% des personnes avec chaque résultat
Percentile par nombre de réponses
Votre historique - résultats
Vous n’avez pas pris ce quiz depuis la dernière actualisation